00538nam a2200145Ia 4500008004100000020001800041041000800059082001600067100004400083245016300127250000600290260006100296300001300357650002200370210716s2001 xx 000 0 und d a9780070472686 aeng a005.42 SINM aSinghal, Mukesh;Shivaratri, Niranjan G. aAdvanced concepts in operating systems: distributed database and multiprocessor operating systems.bDistributed database and multiprocessor operating systems. a1 aNew DelhibTata McGraw Hill Publishing Company Ltdc2001 axxii,522 aOperating Systems